000 00688nam a2200289Ia 4500
005 20260324120518.0
008 008 260324s9999 xx 000 0 eng d
020 _a9781032680866
037 _aEBOOK
040 _aCRL
040 _beng
040 _cCRL
041 _2eng
041 _aeng
084 _qCRL
100 _aChristine Moynihan
_91158870
245 0 _aCommon Core Sense
245 0 _bTapping the Power of the Mathematical Practices
260 _bTaylor and Francis
260 _c2015
365 _a
365 _b120
856 _uhttp://www.taylorfrancis.com/books/9781032680866
942 _cEBOOK
999 _c1750444
_d1750444